Kierowcy F1 2024 - Statystyki

Ogólne statystyki
  • Ten quiz został rozwiązany 101 razy
  • Średni wynik to 17 z 20
Statystyki odpowiedzi
Zespół Państwo Kierowca % Poprawnych
Mercedes Wielka Brytania Lewis Hamilton
98%
Red Bull Holandia Max Verstappen
98%
McLaren Wielka Brytania Lando Norris
95%
Red Bull Meksyk Sergio Perez
95%
Ferrari Monako Charles Leclerc
94%
Ferrari Hiszpania Carlos Sainz
93%
Aston Martin Hiszpania Fernando Alonso
90%
McLaren Australia Oscar Piastri
89%
Sauber Finlandia Valtteri Bottas
89%
Alpine Francja Pierre Gasly
88%
RB Japonia Yuki Tsunoda
88%
Mercedes Wielka Brytania George Russell
87%
Aston Martin Kanada Lance Stroll
87%
Haas Niemcy Nico Hulkenberg
86%
Williams Tajlandia Alexander Albon
83%
Alpine Francja Esteban Ocon
83%
Haas Dania Kevin Magnussen
83%
RB Australia Daniel Ricciardo
72%
Williams Stany Zjednoczone Logan Sargeant
69%
Sauber Chiny Zhou Guanyu
41%
Nie znaleziono quizów pasujących do podanych kryteriów
Rozkład punktacji
Procent ludzi z każdym wynikiem
Percentyl według liczby udzielonych odpowiedzi
Twoja historia wyników
Nie rozwiązałeś tego quizu